| 000 | 01658nam a2200433 a 4500 | ||
|---|---|---|---|
| 001 | ebr10427224 | ||
| 003 | CaPaEBR | ||
| 006 | m u | ||
| 007 | cr cn||||||||| | ||
| 008 | 090323s2010 enk sb 001 0 eng | ||
| 010 | _z 2009012172 | ||
| 015 |
_aGBA984509 _2bnb |
||
| 016 | 7 |
_z015357276 _2Uk |
|
| 020 | _z9780826497673 (hbk.) | ||
| 020 | _z0826497675 (hbk.) | ||
| 020 | _z9780826497680 (pbk.) | ||
| 020 | _z0826497683 (pbk.) | ||
| 040 |
_aCaPaEBR _cCaPaEBR |
||
| 035 | _a(OCoLC)676697017 | ||
| 050 | 1 | 4 |
_aB2784 _b.H84 2010eb |
| 082 | 0 | 4 |
_a121 _222 |
| 100 | 1 |
_aHughes, Fiona, _cDr. |
|
| 245 | 1 | 0 |
_aKant's Critique of aesthetic judgement _h[electronic resource] : _ba reader's guide / _cFiona Hughes. |
| 260 |
_aLondon ; _aNew York : _bContinuum, _cc2010. |
||
| 300 | _aviii, 196 p. | ||
| 490 | 1 | _aContinuum reader's guides | |
| 504 | _aIncludes bibliographical references (p. 174-182) and index. | ||
| 505 | 0 | _aContext -- Overview of themes -- Reading the text -- Reception and influence -- Notes for further reading. | |
| 533 |
_aElectronic reproduction. _bPalo Alto, Calif. : _cebrary, _d2013. _nAvailable via World Wide Web. _nAccess may be limited to ebrary affiliated libraries. |
||
| 600 | 1 | 0 |
_aKant, Immanuel, _d1724-1804. _tKritik der Urteilskraft. |
| 650 | 0 | _aJudgment (Logic) | |
| 650 | 0 | _aJudgment (Aesthetics) | |
| 650 | 0 | _aAesthetics. | |
| 650 | 0 | _aTeleology. | |
| 655 | 7 |
_aElectronic books. _2local |
|
| 710 | 2 | _aebrary, Inc. | |
| 830 | 0 | _aContinuum reader's guides. | |
| 856 | 4 | 0 |
_uhttp://site.ebrary.com/lib/rucke/Doc?id=10427224 _zAn electronic book accessible through the World Wide Web; click to view |
| 999 |
_c240344 _d240344 |
||